000 00736nam a22001937a 4500
999 _c18858
_d18858
003 AR-CdUCM
008 190515b ||||| |||| 00| 0 spa d
040 _aMUNICIPALIDAD PROVINCIAL DEL CUSCO
_cBIBLIOTECA MUNICIPAL DEL CUSCO
082 _a335.438 /
_bE57
100 _aEngels, F.
_95699
245 _aEl sistema de trabajo asalariado; artículos de "The Labour Standard" (1881) /
260 _aMoscú :
_bProgreso,
_c1971.
300 _a60 páginas ;
_c21 cm.
505 _aContenido: El sistema de trabajo asalariado -- Las tradeuniones -- El tratado comercial con Francia -- Dos concejos municipales modelo...
650 _aSueldos y salarios
_96504
650 _aMarxismo
_924
942 _2ddc
_cLIBROS
945 _aacv
_d2019-05-15